5 plus grandes villes par département - Statistiques

Statistiques générales
  • Ce quiz a été pris 90 fois
    72 depuis la dernière actualisation
  • Le résultat moyen est 157 sur 500
Statistiques - réponses
Département Communes Population % Correct
01 Ain Bourg-en-Bresse 42 065
86%
08 Ardennes Charleville-Mézières 45 634
74%
13 Bouches-du-Rhône Marseille 877 215
74%
06 Alpes-Maritimes Nice 353 701
74%
Oyonnax 22 378
74%
2A Corse-du-Sud Ajaccio 75 343
71%
Cannes 74 040
71%
05 Hautes-Alpes Gap 40 656
71%
02 Aisne Saint-Quentin 52 995
71%
Aix-en-Provence 147 933
69%
2B Haute-Corse Bastia 47 459
69%
33 Gironde Bordeaux 265 328
69%
29 Finistère Brest 140 993
69%
14 Calvados Caen 108 398
69%
21 Côte-d'Or Dijon 159 941
69%
Laon 24 066
69%
17 Charente-Maritime La Rochelle 79 961
69%
31 Haute-Garonne Toulouse 511 684
69%
10 Aube Troyes 62 443
69%
Digne-les-Bains 17 694
66%
Foix 9 731
66%
30 Gard Nîmes 150 444
66%
Quimper 64 530
66%
12 Aveyron Rodez 24 136
66%
22 Côtes-d'Armor Saint-Brieuc 44 607
66%
49 Maine-et-Loire Angers 157 555
63%
Antibes 76 612
63%
25 Doubs Besançon 120 057
63%
Dunkerque 87 013
63%
23 Creuse Guéret 12 814
63%
59 Nord Lille 238 695
63%
34 Hérault Montpellier 307 101
63%
Moulins 19 344
63%
44 Loire-Atlantique Nantes 325 070
63%
51 Marne Reims 178 478
63%
35 Ille-et-Vilaine Rennes 227 830
63%
37 Indre-et-Loire Tours 138 668
63%
15 Cantal Aurillac 26 189
60%
18 Cher Bourges 64 238
60%
19 Corrèze Brive-la-Gaillarde 46 769
60%
Carcassonne 46 429
60%
50 Manche Cherbourg-en-Cotentin 78 028
60%
38 Isère Grenoble 156 389
60%
57 Moselle Metz 121 695
60%
54 Meurthe-et-Moselle Nancy 104 387
60%
58 Nièvre Nevers 33 172
60%
45 Loiret Orléans 116 344
60%
Porto-Vecchio 11 536
60%
42 Loire Saint-Etienne 172 569
60%
Saint-Nazaire 73 111
60%
Tulle 13 602
60%
16 Charente Angoulême 41 423
57%
Arras 42 621
57%
32 Gers Auch 22 825
57%
62 Pas-de-Calais Calais 67 585
57%
Châlons-en-Champagne 43 218
57%
53 Mayenne Laval 49 474
57%
Mérignac 77 136
57%
Millau 21 859
57%
11 Aude Narbonne 56 692
57%
24 Dordogne Périgueux 29 876
57%
Roubaix 99 507
57%
Saint-Lô 19 352
57%
Sedan 16 727
57%
Tourcoing 99 160
57%
26 Drôme Valence 64 288
57%
Vannes 54 955
57%
Vichy 25 702
57%
61 Orne Alençon 25 667
54%
60 Oise Beauvais 55 906
54%
Briançon 10 748
54%
63 Puy-de-Dôme Clermont-Ferrand 147 751
54%
Dax 21 716
54%
27 Eure Evreux 48 335
54%
Grasse 48 669
54%
56 Morbihan Lorient 58 202
54%
40 Landes Mont-de-Marsan 31 455
54%
03 Allier Montluçon 33 317
54%
Soissons 28 667
54%
47 Lot-et-Garonne Agen 32 193
51%
Bar-le-Duc 14 615
51%
Béziers 80 815
51%
36 Indre Châteauroux 43 079
51%
Cholet 54 074
51%
Colmar 67 360
51%
Lens 32 697
51%
43 Haute-Loire Le Puy-en-Velay 18 989
51%
Lons-le-Saunier 16 942
51%
48 Lozère Mende 12 322
51%
Montélimar 40 356
51%
68 Haut-Rhin Mulhouse 104 924
51%
64 Pyrénées-Atlantiques Pau 78 620
51%
Pessac 66 874
51%
Pontarlier 17 928
51%
Rochefort 23 188
51%
Saint-Malo 47 255
51%
67 Bas-Rhin Strasbourg 291 709
51%
Villeneuve-d'Ascq 62 342
51%
Arles 51 156
49%
Aubagne 47 724
49%
Beaune 20 233
49%
41 Loir-et-Cher Blois 47 092
49%
Cagnes-sur-Mer 52 852
49%
28 Eure-et-Loir Chartres 37 990
49%
39 Jura Dole 23 784
49%
69 Rhône Lyon 520 774
49%
Montbéliard 25 516
49%
09 Ariège Pamiers 16 512
49%
Sisteron 7 776
49%
Villeurbanne 162 207
49%
Alès 45 025
46%
Bayeux 12 754
46%
Bayonne 53 312
46%
Boulogne-sur-Mer 41 039
46%
Château-Thierry 15 068
46%
Dinan 14 966
46%
Granville 12 799
46%
Joué-lès-Tours 38 432
46%
72 Sarthe Le Mans 145 182
46%
Lunéville 17 920
46%
04 Alpes-de-Haute-Provence Manosque 22 807
46%
Mayenne 12 854
46%
66 Pyrénées-Orientales Perpignan 120 996
46%
Thionville 42 778
46%
55 Meuse Verdun 16 610
46%
Vierzon 25 254
46%
74 Haute-Savoie Annecy 131 272
43%
07 Ardèche Annonay 17 222
43%
Aubenas 12 488
43%
Borgo 10 102
43%
46 Lot Cahors 19 902
43%
73 Savoie Chambéry 60 251
43%
Chaumont 21 418
43%
Cognac 18 466
43%
Compiègne 40 808
43%
Dreux 31 205
43%
Échirolles 36 708
43%
Epernay 22 022
43%
Lisieux 19 540
43%
Martigues 48 818
43%
Muret 25 653
43%
Roanne 35 364
43%
Saintes 25 312
43%
Sète 45 090
43%
83 Var Toulon 180 834
43%
Vandœuvre-lès-Nancy 29 697
43%
Aubusson 3 036
40%
84 Vaucluse Avignon 91 760
40%
Bergerac 26 852
40%
Biarritz 25 810
40%
Blagnac 27 314
40%
Fougères 20 602
40%
La Souterraine 4 928
40%
76 Seine-Maritime Le Havre 166 462
40%
Lourdes 13 266
40%
Rethel 7 435
40%
Romans-sur-Isère 33 139
40%
Rouen 116 331
40%
Saint-Flour 6 390
40%
Saumur 26 074
40%
65 Hautes-Pyrénées Tarbes 44 529
40%
Toul 15 570
40%
Ussel 9 174
40%
70 Haute-Saône Vesoul 15 306
40%
Villefranche-de-Rouergue 11 502
40%
80 Somme Amiens 134 780
37%
Anglet 42 288
37%
89 Yonne Auxerre 35 236
37%
Avranches 10 225
37%
90 Territoire de Belfort Belfort 45 646
37%
Castelnaudary 12 212
37%
71 Saône-et-Loire Chalon-sur-Saône 44 592
37%
Colomiers 40 916
37%
Concarneau 20 632
37%
Corte 7 737
37%
Embrun 6 387
37%
Forbach 21 111
37%
Lannion 20 525
37%
87 Haute-Vienne Limoges 129 754
37%
Limoux 10 339
37%
Mâcon 34 759
37%
77 Seine-et-Marne Meaux 56 659
37%
86 Vienne Poitiers 89 472
37%
Saint-Claude 8 556
37%
93 Seine-Saint-Denis Saint-Denis 148 907
37%
52 Haute-Marne Saint-Dizier 22 811
37%
Saint-Girons 6 129
37%
Sarlat-la-Canéda 8 786
37%
78 Yvelines Versailles 83 918
37%
Villeneuve-sur-Lot 22 004
37%
Agde 29 612
34%
Bourg-lès-Valence 19 872
34%
Creil 36 494
34%
88 Vosges Epinal 32 296
34%
Figeac 9 757
34%
Firminy 17 128
34%
Haguenau 36 070
34%
Hérouville-Saint-Clair 22 473
34%
Issoire 15 078
34%
Issoudun 10 953
34%
Langres 7 683
34%
85 Vendée La Roche-sur-Yon 54 699
34%
Melun 43 685
34%
Rezé 43 349
34%
Sarreguemines 20 324
34%
Senlis 15 238
34%
Talence 45 869
34%
Vendôme 15 566
34%
Vénissieux 66 701
34%
Vitré 18 892
34%
81 Tarn Albi 50 605
31%
Annemasse 37 595
31%
Bagnols-sur-Cèze 18 124
31%
Biguglia 7 638
31%
92 Hauts-de-Seine Boulogne-Billancourt 120 205
31%
Brioude 6 523
31%
Châteaudun 12 898
31%
Condom 6 454
31%
Cosne-Cours-sur-Loire 9 786
31%
Forcalquier 5 142
31%
Hendaye 18 074
31%
Hyères 55 384
31%
La Flèche 15 081
31%
Lanester 23 188
31%
Montreuil 110 758
31%
79 Deux-Sèvres Niort 60 074
31%
Romorantin-Lanthenay 18 377
31%
Royan 19 322
31%
Saint-Herblain 50 561
31%
Saint-Martin-d'Hères 38 022
31%
Schiltigheim 34 382
31%
Tournefeuille 29 724
31%
Vernon 24 841
31%
Vienne 31 555
31%
Vire Normandie 17 411
31%
75 Paris 15ème arrondissement 227 746
29%
18ème arrondissement 188 446
29%
19ème arrondissement 181 616
29%
(pop. 2020 des arrondissements) 20ème arrondissement 189 805
29%
Albertville 19 706
29%
Ambérieu-en-Bugey 15 554
29%
Autun 13 144
29%
Biscarrosse 15 412
29%
Bourgoin-Jallieu 29 816
29%
Chenôve 14 299
29%
Créteil 92 859
29%
Dieppe 28 599
29%
91 Essonne Évry-Courcouronnes 66 700
29%
Flers 14 308
29%
Fréjus 58 499
29%
Illkirch-Graffenstaden 27 339
29%
Lamballe-Armor 16 911
29%
Le Blanc 6 188
29%
Liévin 30 113
29%
Marmande 17 361
29%
Montbrison 16 098
29%
Onet-le-Château 12 062
29%
Riom 18 680
29%
Romilly-sur-Seine 14 751
29%
Sablé-sur-Sarthe 12 194
29%
Saint-Amand-Montrond 9 690
29%
Saint-Chamond 35 586
29%
974 La Réunion Saint-Denis (de La Réunion) 156 149
29%
Saint-Dié-des-Vosges 19 324
29%
Saint-Priest 49 193
29%
Saint-Sébastien-sur-Loire 28 373
29%
Sens 27 275
29%
Thonon-les-Bains 37 689
29%
Tournon-sur-Rhône 11 302
29%
Valserhône 16 162
29%
Vaulx-en-Velin 52 448
29%
Yzeure 12 670
29%
13ème arrondissement 178 350
26%
95 Val-d'Oise Argenteuil 107 135
26%
Audincourt 14 009
26%
Bagnères-de-Bigorre 7 060
26%
Canet-en-Roussillon 13 005
26%
Carpentras 30 854
26%
Castres 42 700
26%
973 Guyane Cayenne 63 956
26%
Cergy 69 578
26%
Châtellerault 31 105
26%
Cournon-d'Auvergne 20 020
26%
Draguignan 40 789
26%
Fleury-les-Aubrais 21 664
26%
972 Martinique Fort-de-France 75 165
26%
Landerneau 16 327
26%
La Seyne-sur-Mer 62 905
26%
Le Creusot 20 536
26%
Les Sables-d'Olonne 48 740
26%
Lunel 26 380
26%
Marvejols 4 752
26%
82 Tarn-et-Garonne Montauban 62 487
26%
Montigny-lès-Metz 21 869
26%
Nanterre 98 119
26%
Orange 29 357
26%
Saint-Affrique 7 924
26%
Saint-Étienne-du-Rouvray 28 653
26%
Saint-Jean-de-Braye 22 088
26%
Saint-Paul 106 220
26%
Saint-Pierre-des-Corps 15 698
26%
Soyaux 10 057
26%
Yssingeaux 7 380
26%
Aix-les-Bains 32 175
23%
Argentan 13 494
23%
Beaucaire 15 695
23%
Bruz 19 667
23%
Château-Gontier-sur-Mayenne 16 539
23%
Cluses 17 366
23%
Commercy 5 332
23%
Gérardmer 7 685
23%
L'Isle-Jourdain 9 499
23%
Longwy 15 492
23%
Louviers 18 347
23%
Lure 7 912
23%
Mauriac 3 503
23%
Nogent-sur-Oise 21 859
23%
Olivet 22 988
23%
Propriano 3 864
23%
Saint-Louis 22 530
23%
Saint-Pierre 85 254
23%
Sotteville-lès-Rouen 29 039
23%
94 Val-de-Marne Vitry-sur-Seine 95 282
23%
Abbeville 22 406
20%
Arpajon-sur-Cère 6 363
20%
Asnières-sur-Seine 91 457
20%
Aubervilliers 89 489
20%
Bressuire 19 860
20%
Chelles 54 372
20%
Chevigny-Saint-Sauveur 10 895
20%
Cusset 13 329
20%
Givet 6 356
20%
Guipavas 15 401
20%
Hennebont 15 831
20%
Kourou 24 470
20%
La Chapelle-Saint-Luc 12 603
20%
La Hague 11 444
20%
971 Guadeloupe Les Abymes 51 760
20%
Le Teil 8 812
20%
Lucé 15 658
20%
Malemort 7 995
20%
Montceau-les-Mines 16 946
20%
Saint-André-les-Vergers 12 695
20%
Saint-Chély-d'Apcher 4 025
20%
Saint-Genis-Pouilly 14 584
20%
Saint-Gilles 14 427
20%
Saint-Paul-lès-Dax 14 114
20%
Sartène 3 732
20%
Talant 11 986
20%
Tergnier 13 261
20%
Vitry-le-François 11 349
20%
Albert 9 658
17%
Bastelicaccia 4 258
17%
Beaupréau-en-Mauges 23 887
17%
Chamalières 17 591
17%
Champagnole 8 035
17%
Corbeil-Essonnes 53 712
17%
Gisors 12 395
17%
Gourdon 4 080
17%
Guilherand-Granges 11 277
17%
Héricourt 10 525
17%
Lavelanet 6 018
17%
Le Tampon 81 964
17%
Mantes-la-Jolie 44 246
17%
Massy 50 597
17%
Oraison 6 042
17%
Parthenay 10 121
17%
Pierrelatte 13 909
17%
Plérin 14 527
17%
Saint-Germain-en-Laye 45 286
17%
Sallanches 17 041
17%
Saran 16 866
17%
Sarcelles 58 576
17%
Sèvremoine 25 764
17%
Val-de-Reuil 12 939
17%
Valentigney 10 624
17%
Villenave-d'Ornon 42 185
17%
Aulnay-sous-Bois 86 360
14%
Avallon 6 346
14%
Aytré 9 759
14%
Buxerolles 10 253
14%
Déols 7 618
14%
Ivry-sur-Seine 64 526
14%
La Couronne 7 759
14%
La Motte-Servolex 12 167
14%
Langogne 2 860
14%
Lézignan-Corbières 10 855
14%
Lingolsheim 20 683
14%
Lucciana 6 354
14%
Nogent 3 562
14%
Saint-Avertin 15 075
14%
Saint-Cyr-sur-Loire 16 766
14%
Saint-Doulchard 9 650
14%
Saint-Florent-sur-Cher 6 416
14%
Saint-Laurent-du-Maroni 51 732
14%
Sartrouville 51 570
14%
Tarnos 12 900
14%
Vernouillet 12 491
14%
Veynes 3 244
14%
Ytrac 4 316
14%
Boulazac Isle Manoire 10 628
11%
Bourganeuf 2 408
11%
Castelsarrasin 14 335
11%
Cavaillon 25 890
11%
Champigny-sur-Marne 78 367
11%
Courbevoie 81 945
11%
Decize 5 025
11%
Fleurance 6 130
11%
Gaillac 16 080
11%
Garges-lès-Gonesse 42 388
11%
Gramat 3 496
11%
Illzach 15 115
11%
La Charité-sur-Loire 4 701
11%
L'Aigle 7 771
11%
Lannemezan 5 810
11%
Laragne-Montéglin 3 566
11%
Le Lamentin 39 346
11%
Le Passage 9 360
11%
Moissac 13 652
11%
Monistrol-sur-Loire 8 874
11%
Péronne 7 139
11%
Pertuis 19 764
11%
Ploemeur 18 873
11%
Poissy 40 792
11%
Pontault-Combault 38 941
11%
Revin 5 795
11%
Saint-André 57 546
11%
Saint-Cyprien 11 995
11%
Sainte-Feyre 2 531
11%
Sainte-Savine 10 457
11%
Saint-Estève 11 673
11%
Saint-Pantaléon-de-Larche 5 006
11%
Saverdun 4 808
11%
Schoelcher 19 342
11%
Thouars 13 949
11%
Allonnes 10 740
9%
Aurec-sur-Loire 6 133
9%
Aureilhan 8 033
9%
Challans 22 890
9%
Colombes 90 692
9%
Corbie 6 080
9%
Coulounieix-Chamiers 7 537
9%
Eauze 4 060
9%
Evron 8 380
9%
La Ferté-Macé 5 095
9%
Lavaur 10 884
9%
Le Gosier 27 205
9%
Le Poinçonnet 5 848
9%
Le Robert 21 490
9%
Les Herbiers 16 589
9%
Montaigu-Vendée 20 754
9%
Noisy-le-Grand 71 632
9%
Panazol 11 207
9%
Peyre en Aubrac 2 304
9%
Saint-Benoît 7 306
9%
Sainte-Anne 24 415
9%
Saint-Junien 11 382
9%
Saint-Maur-des-Fossés 76 010
9%
Saint-Mihiel 3 848
9%
Saint-Yrieix-sur-Charente 7 556
9%
Savigny-le-Temple 30 630
9%
Savigny-sur-Orge 37 775
9%
Tonneins 9 461
9%
Varennes-Vauzelles 9 166
9%
Vineuil 8 050
9%
Wittenheim 15 491
9%
Baie-Mahault 30 943
6%
Delle 5 677
6%
Ducos 17 837
6%
Franconville 38 024
6%
Golbey 8 827
6%
Graulhet 13 275
6%
Gray 5 455
6%
Hauts de Bienne 5 099
6%
Joigny 9 055
6%
Joinville 2 944
6%
La Ravoire 9 154
6%
Le Controis-en-Sologne 6 787
6%
Ligny-en-Barrois 3 696
6%
Luxeuil-les-Bains 6 674
6%
Matoury 35 551
6%
Mauléon 8 585
6%
Pia 11 174
6%
Pradines 3 600
6%
Remire-Montjoly 27 037
6%
Saint-Berthevin 7 384
6%
Thaon-les-Vosges 8 433
6%
Tinqueux 10 662
6%
Valdoie 5 193
6%
Athis-Mons 36 451
3%
Bavilliers 4 641
3%
Beaucourt 4 985
3%
Caussade 6 858
3%
Couzeix 10 011
3%
Isle 7 915
3%
Jaunay-Marigny 7 597
3%
La Ferté-Bernard 8 769
3%
Migennes 6 878
3%
Montech 6 657
3%
Petit-Bourg 24 299
3%
Aucun quiz correspondant
Distribution des résultats
% des personnes avec chaque résultat
Percentile par nombre de réponses
Votre historique - résultats
Vous n’avez pas pris ce quiz depuis la dernière actualisation